| 000 | 00937cam a22002531 4500 | ||
|---|---|---|---|
| 001 | ca 35000635 | ||
| 003 | DLC | ||
| 005 | 20260227111138.0 | ||
| 008 | 790523s1935 xx 000 0 eng | ||
| 010 | _aca 35000635 | ||
| 035 | _a(OCoLC)4996779 | ||
| 040 |
_aDLC _cOCl _dDLC |
||
| 042 | _apremarc | ||
| 050 | 0 | 0 |
_aPS634 _b.G7 |
| 082 | _a812.5082 | ||
| 110 | 2 |
_aGrinnell College. _bDepartment of drama. |
|
| 245 | 1 | 0 | _aGrinnell plays. |
| 260 |
_aChicago, _bThe Dramatic publishing company _c[c1935] |
||
| 300 |
_a104 p. _c19 cm. |
||
| 500 | _aAt head of title: Four one-act plays. | ||
| 500 | _a"Selected from twenty or more plays written within the past five years in the playwriting courses of the Department of drama." | ||
| 505 | 0 | _aNo copy, by K. Clayton.--The two gifts, by A. C. Lamp.--As it was in the beginning, by J. J. Irwin.--Aaron Stevens, abolitionist, by Barbara P. Susens. | |
| 650 | 0 | _aCollege and school drama. | |
| 999 |
_c17853 _d17853 |
||